Najpopularniejsze marki samochodów [według mnie] - Statystyki

Ogólne statystyki
  • Ten quiz został rozwiązany 54 razy
    6 od ostatniego zresetowania
  • Średni wynik to 25 z 51
Statystyki odpowiedzi
Marka Kraj pochodzenia marki % Poprawnych
Audi Niemcy
100%
BMW Niemcy
100%
Fiat Włochy
100%
Honda Japonia
100%
Hyundai Korea Południowa
100%
Citroën Francja
80%
Dodge Stany Zjednoczone
80%
Ford Stany Zjednoczone
80%
Opel Niemcy
80%
Renault Francja
80%
Seat Hiszpania
80%
Škoda Czechy
80%
Volkswagen Niemcy
80%
Volvo Szwecja
80%
Chevrolet Stany Zjednoczone
60%
Dacia Rumunia
60%
Ferrari Włochy
60%
Jaguar Wielka Brytania
60%
Kia Korea Południowa
60%
Lamborghini Włochy
60%
Peugeot Francja
60%
Saab Szwecja
60%
Suzuki Japonia
60%
Toyota Japonia
60%
Alfa Romeo Włochy
40%
Cupra Hiszpania
40%
Infiniti Japonia
40%
Jeep Stany Zjednoczone
40%
Land Rover Wielka Brytania
40%
Lexus Japonia
40%
Mazda Japonia
40%
Mercedes-Benz Niemcy
40%
Mini Wielka Brytania
40%
Mitsubishi Japonia
40%
Nissan Japonia
40%
Acura Japonia
20%
Bentley Wielka Brytania
20%
ISUZU Japonia
20%
MAN Niemcy
20%
Maserati Włochy
20%
McLaren Wielka Brytania
20%
MG Wielka Brytania
20%
Porshe Niemcy
20%
RAM Stany Zjednoczone
20%
Rolls-Royce Wielka Brytania
20%
Scania Szwecja
20%
Subaru Japonia
20%
Tesla Stany Zjednoczone
20%
Lancia Włochy
0%
Land Cruiser Japonia
0%
Range Rover Wielka Brytania
0%
Nie znaleziono quizów pasujących do podanych kryteriów
Rozkład punktacji
Procent ludzi z każdym wynikiem
Percentyl według liczby udzielonych odpowiedzi
Twoja historia wyników
Nie rozwiązałeś tego quizu od ostatniego zresetowania